000 005430000a22001570004500
090 _aAV 0441
100 1 _aBótara, Huéinacu
245 1 0 _aMaquibu pijume dihuesi = el Caimán y otros cuentos en cuiba / Huéinacu Bótara
260 _aMeta : Townsend
300 _a24 p.
500 _aTexto en español y en Cuiba
505 0 0 _aLos animales: el caimán -- El perro de agua -- El saíno -- La lapa
650 1 4 _aCUENTOS - INDIGENAS \ CUENTOS - INDIGENAS - CUIBA \ LENGUAJE Y LENGUAS - INDIGENAS DE COLOMBIA
001 17888
942 _cBK
999 _c44383
_d44383